[Event "GER-chT U12"]
[Site "Arendsee"]
[Date "2009.12.29"]
[Round "6.3"]
[White "Lagunow, Raphael"]
[Black "Marek, Moritz"]
[Result "0-1"]
[WhiteElo "1646"]
[BlackElo "1298"]
[PlyCount "43"]
[EventDate "2009.12.27"]
[EventType "team-swiss"]
[EventRounds "7"]
[EventCountry "GER"]
[SourceTitle "EXT 2022"]
[Source "ChessBase"]
[SourceDate "2021.10.06"]
[SourceVersion "1"]
[SourceVersionDate "2021.10.06"]
[SourceQuality "1"]
[WhiteTeam "Berlin TuS Makkabi U12"]
[BlackTeam "Coswig TuS U12"]
[WhiteTeamCountry "GER"]
[BlackTeamCountry "GER"]

1. e4 d5 2. exd5 Qxd5 3. Nf3 Nf6 4. Be2 Bf5 5. 0-0 e6 6. d4 Qd8 7. c4 Nbd7 8. Nc3 Bd6 9. c5 Be7 10. Bf4 Nh5 11. Be3 Nhf6 12. b4 0-0 13. b5 Re8 14. a4 Rb8 15. a5 Nf8 16. a6 b6 17. Ne5 Ra8 18. Bf3 N8d7 19. Nc6 Qc8 20. Nb4 bxc5 21. Bb7 Qd8 22. Nc6 0-1

[Event "GER-chT U12"]
[Site "Arendsee"]
[Date "2009.12.28"]
[Round "3.3"]
[White "Baberz, Alexander"]
[Black "Marek, Moritz"]
[Result "1-0"]
[WhiteElo "1404"]
[BlackElo "1298"]
[PlyCount "119"]
[EventDate "2009.12.27"]
[EventType "team-swiss"]
[EventRounds "7"]
[EventCountry "GER"]
[SourceTitle "EXT 2022"]
[Source "ChessBase"]
[SourceDate "2021.10.06"]
[SourceVersion "1"]
[SourceVersionDate "2021.10.06"]
[SourceQuality "1"]
[WhiteTeam "Hamburger SK U12"]
[BlackTeam "Coswig TuS U12"]
[WhiteTeamCountry "GER"]
[BlackTeamCountry "GER"]

1. d4 f5 2. e4 d6 3. Bd3 e6 4. Qf3 g6 5. Qe2 Nc6 6. c3 Be7 7. Nf3 b6 8. Bb5 Bd7 9. 0-0 Bf6 10. exf5 Nge7 11. fxe6 Bc8 12. d5 a6 13. Bxc6+ Nxc6 14. dxc6 Qe7 15. Re1 h5 16. Nbd2 d5 17. Nb3 h4 18. Nbd4 a5 19. Be3 Ba6 20. Qd2 Rg8 21. Bg5 Rf8 22. Bxf6 Qxf6 23. Qg5 Ke7 24. Re5 Bd3 25. Rxd5 Ke8 26. Qxf6 Rxf6 27. Rd7 Ba6 28. Rxc7 Bc8 29. Rd1 Bxe6 30. Re1 Rd8 31. h3 a4 32. Nxe6 Ra8 33. Rd7 Rc8 34. Nd8+ Kf8 35. Ree7 Rxd8 36. Rxd8+ Kxe7 37. c7 Rc6 38. c8Q Rxc8 39. Rxc8 Kd6 40. Kf1 Kd7 41. Rc4 b5 42. Rc5 Kd6 43. Rxb5 Kc6 44. c4 Kd6 45. Ra5 Kc6 46. Rxa4 Kc5 47. Ra8 Kxc4 48. Rb8 Kd5 49. a4 Ke4 50. a5 Kf5 51. a6 g5 52. Nxg5 Kxg5 53. a7 Kf4 54. a8Q Ke5 55. Rd8 Ke6 56. Qa5 Ke7 57. Qc7+ Ke6 58. Qd6+ Kf5 59. f4 Ke4 60. Qe5# 1-0

[Event "GER-chT U12"]
[Site "Arendsee"]
[Date "2009.12.28"]
[Round "4.3"]
[White "Marek, Moritz"]
[Black "Paschold, Gerry"]
[Result "1/2-1/2"]
[WhiteElo "1298"]
[BlackElo "1358"]
[PlyCount "25"]
[EventDate "2009.12.27"]
[EventType "team-swiss"]
[EventRounds "7"]
[EventCountry "GER"]
[SourceTitle "EXT 2022"]
[Source "ChessBase"]
[SourceDate "2021.10.06"]
[SourceVersion "1"]
[SourceVersionDate "2021.10.06"]
[SourceQuality "1"]
[WhiteTeam "Coswig TuS U12"]
[BlackTeam "Leipzig BSG Chemie U12"]
[WhiteTeamCountry "GER"]
[BlackTeamCountry "GER"]

1. e4 d5 2. exd5 Nf6 3. d4 Nxd5 4. Nf3 Bg4 5. Be2 Nc6 6. 0-0 e6 7. c4 Nb6 8. b3 g6 9. Bg5 f6 10. Be3 Bg7 11. Na3 0-0 12. Nc2 Qe7 13. Re1 1/2-1/2